| 000 | 003900000a22001570004500 | ||
|---|---|---|---|
| 020 | _a0-7899-1095-0 | ||
| 041 | 0 | _aSPA | |
| 082 | 0 | 4 | _aG 813.54 A3549s |
| 100 | 1 | _aAlcorn, Randy C. | |
| 245 | 1 | 0 | _aA salvo en casa / Randy Alcorn; Rafael Cruz, Traductor |
| 260 | _aMiami, FL., USA : Unilit | ||
| 300 | _a328 Pag | ||
| 500 | _aTÃtulo original : Safely home | ||
| 001 | 10857 | ||
| 942 | _cBK | ||
| 999 |
_c40282 _d40282 |
||